| Tag |
First Indicator |
Second Indicator |
Subfields |
| LEADER |
00000cam a2200000 a 4500 |
| 001 |
in00002017527 |
| 005 |
20151031151728.0 |
| 008 |
041122s2004 waua b 101 0 eng d |
| 020 |
|
|
|a 0819454621
|
| 035 |
|
|
|a (OCoLC)ocm57014428
|
| 040 |
|
|
|a LHL
|c LHL
|d TXA
|d UtOrBLW
|
| 049 |
|
|
|a TXAM
|
| 090 |
|
|
|a TK5103.59
|b .N68 2004
|
| 245 |
0 |
0 |
|a Novel optical systems design and optimization VII :
|b 2-3 August 2004, Denver, Colorado, USA /
|c José M. Sasián [and others] ; sponsored and published by SPIE--the International Society for Optical Engineering.
|
| 246 |
3 |
0 |
|a Novel optical systems design and optimization seven
|
| 246 |
3 |
|
|a Novel optical systems design and optimization 7
|
| 264 |
|
1 |
|a Bellingham, Washington :
|b SPIE,
|c [2004]
|
| 264 |
|
4 |
|c ©2004
|
| 300 |
|
|
|a xii, 462 pages :
|b illustrations ;
|c 28 cm.
|
| 336 |
|
|
|a text
|b txt
|2 rdacontent
|
| 337 |
|
|
|a unmediated
|b n
|2 rdamedia
|
| 338 |
|
|
|a volume
|b nc
|2 rdacarrier
|
| 490 |
1 |
|
|a Proceedings / SPIE--the International Society for Optical Engineering ;
|v v. 5524
|
| 504 |
|
|
|a Includes bibliographical references and index.
|
| 650 |
|
0 |
|a Optical instruments
|x Design and construction
|v Congresses.
|
| 650 |
|
0 |
|a Lenses
|x Design and construction
|v Congresses.
|
| 650 |
|
0 |
|a Optical materials
|v Congresses.
|
| 650 |
|
0 |
|a Optics
|v Congresses.
|
| 650 |
|
0 |
|a Optical interconnects
|v Congresses.
|
| 700 |
1 |
|
|a Sasian, Jose M.
|
| 830 |
|
0 |
|a Proceedings of SPIE--the International Society for Optical Engineering ;
|v v. 5524.
|
| 948 |
|
|
|a cataloged
|b h
|c 2004/12/10
|d c
|e dmitchel
|f 10:30:20 am
|
| 994 |
|
|
|a E0
|b TXA
|
| 999 |
|
|
|a MARS
|
| 999 |
f |
f |
|s 77a52a8c-4853-3693-b079-f5ebc2945888
|i 776599e3-69f7-38f7-83df-25a2afe82df4
|t 0
|
| 952 |
f |
f |
|p ric
|a Texas A&M University
|b Rellis Campus
|c Joint Library Facility
|d Remote Storage
|t 0
|e TK5103.59 .N68 2004
|h Library of Congress classification
|i unmediated -- volume
|m A14831641488
|
| 998 |
f |
f |
|a TK5103.59 .N68 2004
|t 0
|l Remote Storage
|